|
|
|
|
| LEADER |
01913nam a2200457 i 4500 |
| 001 |
EBC1603105 |
| 003 |
MiAaPQ |
| 005 |
20200520144314.0 |
| 006 |
m o d | |
| 007 |
cr cnu|||||||| |
| 008 |
140214t20142014enkab ob 001 0 eng d |
| 020 |
|
|
|z 9781405192835
|
| 020 |
|
|
|a 9781118819319
|q (electronic bk.)
|
| 035 |
|
|
|a (MiAaPQ)EBC1603105
|
| 035 |
|
|
|a (Au-PeEL)EBL1603105
|
| 035 |
|
|
|a (CaPaEBR)ebr10833765
|
| 035 |
|
|
|a (CaONFJC)MIL571599
|
| 035 |
|
|
|a (OCoLC)859168771
|
| 040 |
|
|
|a MiAaPQ
|b eng
|e rda
|e pn
|c MiAaPQ
|d MiAaPQ
|
| 043 |
|
|
|a mm-----
|
| 050 |
|
4 |
|a HD2055.7
|b .H35 2014
|
| 082 |
0 |
|
|a 630.937
|2 23
|
| 100 |
1 |
|
|a Halstead, Paul.
|
| 245 |
1 |
0 |
|a Two oxen ahead :
|b pre-mechanized farming in the Mediterranean /
|c Paul Halstead ; Simon Levy, cover design.
|
| 264 |
|
1 |
|a Cambridge, England :
|b Wiley Blackwell,
|c 2014.
|
| 264 |
|
4 |
|c 2014
|
| 300 |
|
|
|a 1 online resource (386 pages) :
|b illustrations, maps
|
| 336 |
|
|
|a text
|2 rdacontent
|
| 337 |
|
|
|a computer
|2 rdamedia
|
| 338 |
|
|
|a online resource
|2 rdacarrier
|
| 504 |
|
|
|a Includes bibliographical references at the end of each chapters and index.
|
| 588 |
|
|
|a Description based on print version record.
|
| 590 |
|
|
|a Electronic reproduction. Ann Arbor, MI : ProQuest, 2015. Available via World Wide Web. Access may be limited to ProQuest affiliated libraries.
|
| 650 |
|
0 |
|a Agriculture
|x Economic aspects
|z Mediterranean Region.
|
| 650 |
|
0 |
|a Farm management
|z Mediterranean Region.
|
| 650 |
|
0 |
|a Land use, Rural
|z Mediterranean Region.
|
| 655 |
|
4 |
|a Electronic books.
|
| 700 |
1 |
|
|a Levy, Simon.
|
| 776 |
0 |
8 |
|i Print version:
|a Halstead, Paul.
|t Two oxen ahead : pre-mechanized farming in the Mediterranean.
|d Cambridge, England : Wiley Blackwell, c2014
|h xi, 372 pages
|z 9781405192835
|w 2013036924
|
| 797 |
2 |
|
|a ProQuest (Firm)
|
| 856 |
4 |
0 |
|u https://ebookcentral.proquest.com/lib/matrademy/detail.action?docID=1603105
|z Click to View
|